| 000 | 00787nam a22002177a 4500 | ||
|---|---|---|---|
| 999 |
_c12698 _d12698 |
||
| 003 | AR-CdUCM | ||
| 008 | 190409b ||||| |||| 00| 0 spa d | ||
| 040 |
_aMUNICIPALIDAD PROVINCIAL DEL CUSCO _cBIBLIOTECA MUNICIPAL DEL CUSCO |
||
| 082 |
_a910.4 / _bC89 |
||
| 100 |
_aCuadros E,. Manuel E. _99690 |
||
| 245 | _aItinerario de un viaje al viejo mundo : España / | ||
| 260 |
_aLima : _bEdi. Humboldt, _c1979. |
||
| 300 |
_a223 páginas ; _c20 cm. |
||
| 500 | _aDedicatoria | ||
| 505 | _aContenido : La partida -- Adiós al Perú -- Recuerdos del barco -- Panamá la ciudad del canal -- Barcelona -- Por la ruta de los conquistadores... | ||
| 650 |
_aViajes _9856 |
||
| 650 |
_aViejo mundo _916668 |
||
| 650 |
_aTravesias _930699 |
||
| 942 |
_2ddc _cLIBROS |
||
| 945 |
_awnts _d2019-04-09 |
||